• 首页
  • 本馆介绍
  • 公告通知
  • 最新文献
  • 馆藏检索
  • 电子资源
  • 读者导购
  • 参考咨询
  • 我的图书馆
  • 登录
  • 详细信息显示
  • 放入我的书架
  • 预约/预借图书
  • 作者相关作品
  • 分类相关作品
  • 丛书相关作品
  • 出版社相关作品

书目信息

  • 表格格式
  • 工作单格式
  • 卡片格式
题名:
现代舞技术训练教学法
    
 
作者: 张守和 , 李玲琰 著
分册:  
出版信息: 北京   中国戏剧出版社  2016.07
页数: 309页
开本: 24cm
丛书名:
单 册:
中图分类: J732.6
科图分类:
主题词: 现代舞蹈--教学法
电子资源:
ISBN: 978-7-104-04391-1
000 01098nam0 2200289 450
001 002822209
005 20170418144250.32
010    @a978-7-104-04391-1@dCNY79.00
100    @a20160920d2016 em y0chiy50 ea
101 0  @achi@eeng
102    @aCN@b110000
105    @aak z 000yy
106    @ar
200 1  @a现代舞技术训练教学法@9xian dai wu ji shu xun lian jiao xue fa@dTeaching method of modern dance techniques@f张守和,李玲琰著@zeng
205    @a2版
210    @a北京@c中国戏剧出版社@d2016.07
215    @a309页@c图@d24cm
300    @a现代舞基训系列教材 北京市教育委员会社科计划面上项目支持
330    @a本书共分为九章,主要内容包括:现代舞技术训练教学法概述、现代舞技术训练教学法则、现代舞技术训练的教学程序、现代舞技术训练的课堂教学组织与管理、现代舞体能技术训练教学等。
333    @a现代舞教学研究人员
510 1  @aTeaching method of modern dance techniques@zeng
606 0  @a现代舞蹈@x教学法
690    @aJ732.6@v5
701  0 @a张守和@9zhang shou he@4著
701  0 @a李玲琰@9li ling yan@4著
801  0 @aCN@b人天书店@c20160920
905    @b985512-15@dJ732.6@e157=2@f4
    
    现代舞技术训练教学法=Teaching method of modern dance techniques/张守和,李玲琰著.-2版.-北京:中国戏剧出版社,2016.07
    309页:图;24cm
    现代舞基训系列教材 北京市教育委员会社科计划面上项目支持.-使用对象:现代舞教学研究人员
    
    ISBN 978-7-104-04391-1:CNY79.00
    本书共分为九章,主要内容包括:现代舞技术训练教学法概述、现代舞技术训练教学法则、现代舞技术训练的教学程序、现代舞技术训练的课堂教学组织与管理、现代舞体能技术训练教学等。
●
相关链接 在E读中查询图书 在五车中查询图书 在当当中查询图书 在豆瓣中查询图书


正题名:现代舞技术训练教学法     索取号:J732.6/157=2         预约/预借

序号 登录号 条形码 馆藏地/架位号 状态 备注
1 985512   209855129   第一样本阅览室/ [索取号:J732.6/157=2] 在馆    
2 985513   209855138   音乐系资料室/ [索取号:J732.6/157=2] 在馆    
3 985514   209855147   第一借阅区/ [索取号:J732.6/157=2] 在馆    
4 985515   209855156   第一借阅区/ [索取号:J732.6/157=2] 在馆    
唐山师范学院图书馆 欢迎您!
大连网信软件有限公司© 版权所有